Teoría y problemas de probabilidad y estadística /

Guardado en:
Autor Principal: Spiegel, Murray R
Formato: Libro
Publicado: México : Mcgraw-hill, 1977
Materias:
Etiquetas: Agregar Etiqueta
Sin Etiquetas, Sea el primero en etiquetar este registro!
LEADER 01210nam a22002175a 4500
001 CEM.cems006050
005 20060214000000.0
008 130507s1977##################000#0#####d
003 CEMS
082 0 4 |a 519 
100 1 |a Spiegel, Murray R 
245 1 0 |a Teoría y problemas de probabilidad y estadística / 
260 |a México :  |b Mcgraw-hill,  |c 1977 
300 |a 372 p. 
505 0 |a Variables y representaciónes; Distribuciónes de frecuencia; Media, mediana, moda y otras medidas de centralización; La desviación tipica y otras medidas de dispersion; Momentos, sesgos y curtosis; Teoria elemental de la probabilidad; Las distribuciónes binomial, normal y de Poisson; Teoria elemental de muestreo; Teoria de estimación estadistica; Teoria de la decision estadistica, ensayos de hipotesis y significación; Teoria de peque¤as muestras; La prueba chi-cuadrado; Curva de ajuste y metodo de minimos cuadrados; Teoria de la correlación; Correlación multiple y parcial; Analisis de series de tiempo; Numeros indice 
653 |a Covarianza 
653 |a Esperanza matematica 
653 |a Estadistica 
653 |a Matematica 
653 |a Muestreo 
859 |a CEMS  |b BIB. CEMS - 11 de abril  |h 519  |i Sp43  |p 7696.80  |t Ej.1